| 000 | 005270000a22001810004500 | ||
|---|---|---|---|
| 001 | 17044 | ||
| 010 | _a0-340-67176-9 | ||
| 090 | _a17044 | ||
| 100 | _a20050607d1996 m y0pory5003 ba | ||
| 101 | 0 | _aeng | |
| 102 | _aGB | ||
| 200 | 1 |
_aThe regulators _fRichard Bachman |
|
| 210 |
_aLondon _cHodder & Stoughton _d1996 |
||
| 215 | _a327, [7] p. | ||
| 675 |
_a821.111(73)-31"19" _vBN _zpor |
||
| 700 | 1 |
_aBachman _bRichard _f1947-1985 |
|
| 942 |
_cMON _n0 |
||
| 999 |
_a17044 _bBibliobase - BMTAV _c2019-01-21 |
||